Statistics for Common Crossword Answers

Click here to take the quiz!

General Stats

  • This quiz has been taken 6,953 times
  • The average score is 12 of 24

Answer Stats

# Letters Starts With Clue Word % Correct
4ONeighbor of YemenOman
84%
3LHawaiian wreath of flowersLei
73%
4STraditional Indian dressSari
73%
4NIndian flatbreadNaan
69%
3OSpanish for "gold"Oro
64%
4UOfficial language of PakistanUrdu
63%
4IEgyptian mother goddessIsis
62%
4EFencing swordEpee
61%
4IMiddle of the monthIdes
59%
4LHawaiian feastLuau
59%
3E"Summer" in FrenchEte
57%
3EFormer name of ToykoEdo
50%
4E"To be" in FrenchEtre
48%
3UNative American tribe of UtahUte
43%
4OMargarineOleo
42%
5AEagle's nestAerie
34%
3OMel of the New York GiantsOtt
34%
3SFrench coin of little valueSou
31%
5LHawaiian verandaLanai
30%
4ESea eagleErne
30%
4RFemale equivalent of RajaRani
28%
3OScrap of foodOrt
26%
4E"To be" in LatinEsse
23%
4KAfrican antelope speciesKudu
16%

Score Distribution

Percentile by Number Answered

Percent of People with Each Score

Your Score History

You have not taken this quiz